Organizational culture and commitment : trasmission in multinationals / Victoria Miroshnik. (Record no. 22558)

000 -LEADER
fixed length control field 00619nam a22001817a 4500
020 ## - INTERNATIONAL STANDARD BOOK NUMBER
ISBN 9781137361639
082 ## - DEWEY DECIMAL CLASSIFICATION NUMBER
Classification number 658.4
Item number M676o 2013
100 ## - MAIN ENTRY--AUTHOR NAME
Personal name Miroshnik, Victoria
245 ## - TITLE STATEMENT
Title Organizational culture and commitment : trasmission in multinationals / Victoria Miroshnik.
250 ## - EDITION STATEMENT
Edition statement 1st edition.
260 ## - PUBLICATION, DISTRIBUTION, ETC. (IMPRINT)
Place of publication New York, NY :
Name of publisher Palgrave Macmillan,
Year of publication c2013.
300 ## - PHYSICAL DESCRIPTION
Number of Pages 1 online resources, xxi, 336 pages :
Other physical details illustrations.
500 ## - GENERAL NOTE
General note Includes index.
650 ## - SUBJECT ADDED ENTRY--TOPICAL TERM
Topical Term Corporate culture.
650 ## - SUBJECT ADDED ENTRY--TOPICAL TERM
Topical Term Organizational commitment.
650 ## - SUBJECT ADDED ENTRY--TOPICAL TERM
Topical Term International business enterprises - Management.
942 ## - ADDED ENTRY ELEMENTS (KOHA)
Koha item type Electronic Books
Holdings
Source of acquisition Permanent Location Date acquired Collection code Koha item type Lost status Shelving location Withdrawn status Current Location Full call number
DonationCagayan State University - Carig Library2026-04-16E-BooksElectronic Books E-Resource Section Cagayan State University - Carig Library658.4 M676o 2013
DonationCagayan State University - Carig Library2026-04-16E-BooksElectronic Books E-Resource Section Cagayan State University - Carig Library658.4 M676o 2013

Cagayan State University University Library, Carig Campus
Tuguegarao City, Cagayan 3500 | www.csucarig.edu.ph

Powered by Koha